000 02519cam a22004453i 4500
001 1468467813
003 OCoLC
005 20250401163450.0
008 241107s2025 mnua j 000 1 eng d
010 _a 2024938540
020 _a9781098255275
_q(library binding)
020 _a1098255275
_q(library binding)
035 _a(OCoLC)1468467813
040 _aIG#
_beng
_erda
_cIG#
_dOCLCO
_dOCLCQ
_dOJ4
_dEB$
_dOCLCO
_dSO$
092 _fJ
_aBROWN
100 1 _aBrown, S. D.
_c(Author at Best Day Books for Young Readers),
_eauthor.
_96542028
245 1 0 _aI escaped the California camp fire :
_bAmerica's dealiest fire /
_cSD Brown, Scott Peters.
246 3 0 _aCalifornia camp fire: America's deadliest fire.
246 3 0 _aAmerica's dealiest fire.
264 1 _aNorth Mankato, MN :
_bBest day books;
_aMinneapolis, Minnesota :
_bAbdo Spotlight,
_c2025.
300 _a112 pages :
_billustrations ;
_c24 cm.
336 _atext
337 _aunmediated
338 _avolume
490 1 _aI Escaped.
520 _a"14-year-old Troy embarks on a harrowing journey to protect his kid sister during the catastrophic Camp Fire in Paradise, California. Initially thinking it's just a regular night, the terrifying truth hits home: their town is engulfed in flames. Worse, his parents are away, leaving him alone to babysit. Trapped, with the fire closing in, Troy faces a daunting challenge. He's just a teenager, way out of his depth, yet he knows he must act. Navigating the engulfing smoke and approaching flames, Troy races against time, leading his sister, dog, and cat to safety. With each step, the fire's heat intensifies, setting the stage for a breathtaking escape. On November 8, 2018, a wildfire engulfed the town of Paradise, California, marking a devastating chapter in American history. This story captures the resilience and courage of those who lived through this catastrophic event." --
521 1 _a07-12.
521 2 _a02-07.
650 0 _aWildfires
_zCalifornia
_vJuvenile fiction.
_95747794
650 0 _aSurvival
_vJuvenile fiction.
_95674045
650 0 _aSiblings
_vJuvenile fiction.
_96400603
651 0 _aCalifornia
_vJuvenile fiction.
_95705374
655 7 _aSurvival fiction.
_2lcgft.
_96476744
655 7 _aHistorical fiction.
_2lcgft.
655 7 _aAction and adventure fiction.
_2lcgft.
700 1 _aPeters, Scott,
_eauthor.
_94273
830 0 _aI escaped (Spotlight (Firm))
_96542030
907 _a.b494876049
942 _2ddc
_cBOOK
999 _c406318
_d406318